00923cam a2200229 45000010005000000030008000050050017000130080041000300200033000710350018001040400032001220410008001540820022001622450082001842600040002663000037003065000205003435040020005486500029005687000027005977100069006246840BD-RjUL20211208234325.0140112s1972 caua 001 0 eng d a0816286043a0816285942 (pbk) a(BD-RjUL)6882 aDLCcDLCdDLCdBD-RjULbeng aeng00a001.422bSTA 197200aStatistics :ba guide to the unknown.cEdited by Judith M. Tanur [and others] aSan Francisco :bHolden-Day,c1972. axxiii, 430 p. :billus.,c24 cm. aPapers contributed at the invitation of the Joint Committee on the Curriculum in Statistics and Probability of the American Statistical Association and the National Council of Teachers of Mathematics. aIncludes index. 0aMathematical statistics.1 aTanur, Judith M.,eed.2 aJoint Committee on the Curriculum in Statistics and Probability.